000 00431nam a22001817a 4500
005 20230620132720.0
008 230620b |||||||| |||| 00| 0 eng d
020 _a9781598293630
082 _a006.6
_bWAN-M
100 _aWang Zhou
245 _aModern image quality assessment
260 _aUSA
_bLOC
_c2006
300 _a146
500 _aIncludes Bibliography
650 _aManagement
700 _aZhou Wang
999 _c18787
_d18787